Elecciones generales en Guatemala
Gardado en:
| Formato: | Texto |
|---|---|
| Materias: | |
| Etiquetas: |
Engadir etiqueta
Sen Etiquetas, Sexa o primeiro en etiquetar este rexistro!
|
MARC
| LEADER | 00000 a a2200000 04500 | ||
|---|---|---|---|
| 001 | 17773 | ||
| 003 | |||
| 040 | |||
| 245 | |a Elecciones generales en Guatemala | ||
| 650 | |a ELECCIONES | ||
| 650 | |a PARTIDOS POLITICOS | ||
| 650 | |a GUATEMALA | ||
| 650 | |a COMPORTAMIENTO POLITICO | ||
| 773 | |g volumen 2, número 9; páginas 66 | ||
| 999 | |c 29984 |d 29984 | ||
| 773 | 0 | |0 42391 |9 3956 |a Agencia Latinoamericana de Información, ALAI |d Quito, Ecuador: ALAI |o 03818 |t ALAI: |x 08275564 (Servicio mensual de información y documentación) | |
